Stargazing - The Neighbourhood - All Lyrics - Statistics

General Stats
  • This quiz has been taken 19 times
  • The average score is 182 of 256
Answer Stats
Answer % Correct
a
100%
A/C
100%
Ooh-ooh,
100%
You
100%
baby
92%
I
92%
it
92%
It
92%
the
92%
crazy
85%
drive
85%
It’s
85%
me
85%
on
85%
start,
85%
start
85%
we
85%
We
85%
we're
85%
can
77%
can't
77%
feel
77%
from
77%
If
77%
in
77%
just
77%
like
77%
Made
77%
made
77%
stargazing
77%
Take
77%
take
77%
to
77%
top
77%
against
69%
All
69%
far
69%
Gonna
69%
now
69%
Now
69%
pretty
69%
race
69%
ride
69%
stop
69%
we've
69%
clock
62%
enough
62%
enough,
62%
fire
62%
first
62%
got
62%
I've
62%
not
62%
Not
62%
out
62%
save
62%
stars,
62%
that
62%
too
62%
try
62%
wanna
62%
with
62%
your
62%
bar
54%
beatin'
54%
coming
54%
heart
54%
high
54%
high,
54%
Keep
54%
keep
54%
little
54%
mine
54%
of
54%
park,
54%
patience
54%
Pull
54%
Push
54%
put
54%
set
54%
spark
54%
Started
54%
started
54%
yeah
54%
Better
46%
clear
46%
Clothing
46%
dark
46%
don't
46%
fog
46%
for
46%
lookin'
46%
lost
46%
Might’ve
46%
my
46%
off
46%
pops
46%
shines
46%
sign
46%
sun
46%
thinkin'
46%
thoughts
46%
'til
46%
Tryna
46%
Underneath
46%
until
46%
Windows
46%
But
38%
Glowin'
38%
hot
38%
Makin'
38%
running
38%
watch
38%
No matching quizzes found
Score Distribution
Percent of People with Each Score
Percentile by Number Answered
Your Score History
You have not taken this quiz